000 00407nam a2200145Ia 4500
003 OSt
005 20260117114136.0
008 211028s2013 xx 000 0 und d
040 _cAIMIT LIBRARY
041 _aeng
100 _aJoseph, Jomish; K, Dhananjaya.
_g1116072
_97017
245 _aCustomer perception tata light commercial vehicles /
260 _aMangalore
_bDhananjaya K
_c2013
942 _2ddc
_cPRO
999 _c218587
_d218587